Reinventando la aritmética II

Uloženo v:
Podrobná bibliografie
Hlavní autor: Kamii, Constance Kazuko (Autor)
Médium: Kniha
Jazyk:španělština
Vydáno: Madrid Visor 1992
Edice:Colección Aprendizaje, 84
Témata:
Tagy: Přidat tag
Žádné tagy, Buďte první, kdo vytvoří štítek k tomuto záznamu!

MARC

LEADER 00000nam a2200000 a 4500
001 UCX8795
003 CL-VaPUC
008 940502e19920000SP |||||||||||||||||spa|d
082 0 4 |a 372.72  |b KAM  |2 21 
100 |a Kamii, Constance Kazuko  |e author  |9 599018 
245 1 0 |a Reinventando la aritmética II 
300 |a 220 p 
942 |c BK 
945 |d 19940502 00:00:00  |a rbrito 
260 |a Madrid  |b Visor  |c 1992 
650 0 |a Matemática  |9 260235 
650 0 |a Métodos de enseñanza  |9 270413 
583 |a last modification  |c 20140822 04:50:34  |k Rodrigo Vera 
490 0 |a Colección Aprendizaje, 84 
999 |c 228194  |d 228192 
952 |0 0  |1 0  |4 0  |6 372_720000000000000_KAM_1992  |7 0  |8 P  |9 227977  |a BIBEDU  |b BIBEDU  |c BIBEDU_PB  |d 2019-11-15  |i 2975955  |o 372.72 KAM 1992  |p 2975955  |r 2024-01-25  |w 2019-11-15  |y BK  |k EPE